Statistics for Colleges of Super Bowl Winning QBs

Click here to take the quiz!

General Stats

  • This quiz has been taken 25,133 times
    (15,149 since last reset)
  • The average score is 13 of 27

Answer Stats

QuarterbacksCollege% Correct
Tom BradyMichigan
95%
Matthew StaffordGeorgia
83%
Patrick MahomesTexas Tech
82%
Peyton ManningTennessee
80%
Bart Starr, Joe Namath, Ken StablerAlabama
77%
Aaron RodgersCalifornia
76%
Eli ManningOle Miss
76%
Troy AikmanUCLA
74%
Russell WilsonWisconsin
73%
Ben RoethlisbergerMiami (OH)
66%
Len Dawson, Bob Griese, Drew BreesPurdue
61%
Joe Montana, Joe TheismannNotre Dame
57%
Jim Plunkett, John ElwayStanford
57%
Jim McMahon, Steve YoungBYU
44%
Brad JohnsonFlorida State
44%
Nick FolesArizona
43%
Joe FlaccoDelaware
42%
Jeff HostetlerWest Virginia
39%
Roger StaubachNavy
33%
Brett FavreSouthern Miss
32%
Terry BradshawLouisiana Tech
23%
Mark RypienWashington State
22%
Kurt WarnerNorthern Iowa
17%
Doug WilliamsGrambling State
12%
Johnny UnitasLouisville
12%
Trent DilferFresno State
11%
Phil SimmsMorehead State
7%

Score Distribution

Percentile by Number Answered

Percent of People with Each Score

Your Score History

You have not taken this quiz since the last reset